000 00688nam a22001817a 4500
005 20251108165013.0
008 250721s1980 xx 000 0 ara d
082 1 4 _a956.0637/غان
100 1 _aغوانمة، يوسف حسن درويش
245 1 0 _aإمارة الكرك الأيوبية :
_bبحث العلاقات بين صلاح الدين و أرناط و دور الكرك في الصراع الصليبي في الأراضي المقدمة /
264 1 _aالكرك :
_bبلدية الكرك،
_c1980.
300 _a427ص : فهارس
650 1 7 _aالتاريخ
650 1 7 _aالعرب
650 1 7 _aالأيوبيون 1174-1252
942 _2ddc
_cBK
999 _c19622
_d19622